[Event "4NCL Online Division 5"]
[Site "online"]
[Date "2020.08.25"]
[Round "1.53"]
[White "Birke, Timo"]
[Black "Harris, Stuart"]
[Result "0-1"]
[WhiteElo "1022"]
[BlackElo "1150"]
[PlyCount "102"]
[EventDate "2020.08.25"]
[WhiteTeam "Watford Juniors B"]
[BlackTeam "St Albans 4"]

1. e4 e5 2. Nf3 Nf6 3. Nxe5 d6 4. Nf3 Nxe4 5. d3 Nf6 6. Nc3 Nc6 7. d4 d5 8. Bb5
Bd7 9. Bg5 Be7 10. O-O a6 11. Bxc6 Bxc6 12. Ne5 h6 13. Nxc6 bxc6 14. Bxf6 Bxf6
15. Na4 O-O 16. Nc5 Be7 17. Nb7 Qb8 18. Na5 Qb5 19. Qd2 Bb4 20. a4 Qxa5 21. c3
Bd6 22. b4 Qb6 23. a5 Qb8 24. Qd3 Re8 25. c4 Qd8 26. c5 Bf8 27. g3 Re6 28. h4
g6 29. Qd2 Qf6 30. Qd3 h5 31. Qd2 Rae8 32. b5 cxb5 33. Rab1 c6 34. Qb4 Re4 35.
Qc3 Qxd4 36. Qxd4 Rxd4 37. Rfe1 Rxe1+ 38. Rxe1 Re4 39. Rxe4 dxe4 40. Kg2 f5 41.
f4 Bxc5 42. Kh3 b4 43. g4 fxg4+ 44. Kg3 Kg7 45. Kg2 b3 46. Kg3 b2 47. Kg2 b1=Q
48. Kg3 e3 49. Kg2 e2 50. Kg3 e1=Q+ 51. Kg2 Qc2# 0-1

[Event "4NCL Online Division 5"]
[Site "online"]
[Date "2020.08.25"]
[Round "1.54"]
[White "Azizollahoff, Noah"]
[Black "Bharadwaj, Sai"]
[Result "1-0"]
[WhiteElo "1075"]
[BlackElo "1090"]
[PlyCount "67"]
[EventDate "2020.08.25"]
[WhiteTeam "St Albans 4"]
[BlackTeam "Watford Juniors B"]

1. e4 e5 2. Nf3 d6 3. d4 f6 4. d5 Bd7 5. Nc3 c6 6. Bc4 Ne7 7. O-O c5 8. Nb5 Nc8
9. Bd2 Nb6 10. Ba5 a6 11. Na3 Be7 12. c3 O-O 13. Bd3 Qc8 14. Bxb6 a5 15. Nc4
Bd8 16. Bxd8 Qxd8 17. Nxd6 Qc7 18. Nc4 Bb5 19. a4 Ba6 20. Qb3 Nd7 21. Rad1 Qb8
22. Nb6 Nxb6 23. Qxb6 Bxd3 24. Rxd3 Ra6 25. Qxc5 h6 26. d6 Kh8 27. Rfd1 Rc6 28.
Qxa5 Ra6 29. Qb4 Rd8 30. d7 Qc7 31. Qe7 Raa8 32. Nh4 b6 33. Nf5 g6 34. Qg7# 1-0

[Event "4NCL Online Division 5"]
[Site "online"]
[Date "2020.08.25"]
[Round "1.61"]
[White "Gauri, Dhairye"]
[Black "Kobryn, Peter J"]
[Result "0-1"]
[WhiteElo "1412"]
[BlackElo "1960"]
[PlyCount "100"]
[EventDate "2020.08.25"]
[WhiteTeam "Uxbridge Bombers B"]
[BlackTeam "Manchester Manticores 2"]

1. e4 d6 2. Nf3 g6 3. Bc4 Bg7 4. O-O Nd7 5. d3 Ngf6 6. Nc3 O-O 7. b3 c6 8. d4
b5 9. Be2 b4 10. Na4 Nxe4 11. Bb2 Bb7 12. a3 a5 13. axb4 axb4 14. Bd3 Nef6 15.
c3 bxc3 16. Nxc3 Qc7 17. Qe2 Nb6 18. Rfc1 Nbd5 19. Be4 Rxa1 20. Rxa1 e6 21. Rc1
Nxc3 22. Rxc3 Nxe4 23. Qxe4 c5 24. Qc2 Qa5 25. Rc4 Bd5 26. Ra4 Qb5 27. Ra3 Bxf3
28. gxf3 Bxd4 29. Bc3 Bxc3 30. Qxc3 Rb8 31. Qd2 d5 32. Qf4 Qb4 33. Qe5 Rc8 34.
Qb2 Qf4 35. Qc3 c4 36. Ra4 d4 37. Qc2 c3 38. Kf1 e5 39. Kg2 Qf5 40. Qc1 d3 41.
Rc4 Rxc4 42. bxc4 d2 43. Qd1 Qd3 44. c5 c2 45. Qa1 Qd4 46. Qa8+ Kg7 47. c6 c1=Q
48. Qc8 d1=Q 49. c7 Qg1+ 50. Kh3 Qcf1# 0-1

[Event "4NCL Online Division 5"]
[Site "online"]
[Date "2020.08.25"]
[Round "1.62"]
[White "Green, Tom D A"]
[Black "Hasan, Abu"]
[Result "1-0"]
[WhiteElo "1873"]
[BlackElo "1412"]
[PlyCount "39"]
[EventDate "2020.08.25"]
[WhiteTeam "Manchester Manticores 2"]
[BlackTeam "Uxbridge Bombers B"]

1. e4 e5 2. f4 exf4 3. Nf3 Bc5 4. d4 Bb6 5. Bxf4 a6 6. Bc4 Nc6 7. O-O h6 8.
Bxf7+ Ke7 9. Bxg8 Qxg8 10. Nc3 d6 11. Nd5+ Kd8 12. Nxb6 cxb6 13. Bxd6 Bg4 14.
Qd3 Be6 15. d5 Bd7 16. dxc6 Bxc6 17. Ne5 Bb5 18. Qh3 g5 19. Nf7+ Ke8 20. Qe6#
1-0

[Event "4NCL Online Division 5"]
[Site "online"]
[Date "2020.08.25"]
[Round "1.63"]
[White "Martellotta, Gabriele"]
[Black "Potter, Steven"]
[Result "0-1"]
[WhiteElo "1367"]
[BlackElo "1832"]
[PlyCount "130"]
[EventDate "2020.08.25"]
[WhiteTeam "Uxbridge Bombers B"]
[BlackTeam "Manchester Manticores 2"]

1. d4 e6 2. c4 b6 3. Nc3 Bb4 4. Nf3 Bb7 5. Bg5 f6 6. Bh4 Nh6 7. h3 Nf5 8. Bg3
Nxg3 9. fxg3 O-O 10. e3 Nc6 11. Bd3 Bxc3+ 12. bxc3 f5 13. Qc2 Na5 14. g4 Bxf3
15. gxf3 Qh4+ 16. Qf2 Qxf2+ 17. Kxf2 Rae8 18. f4 d6 19. Rag1 e5 20. gxf5 e4 21.
Be2 Rxf5 22. Rg3 Kf7 23. Rhg1 g6 24. h4 Rg8 25. Ke1 c6 26. Bg4 Rf6 27. h5 Ke7
28. hxg6 Rfxg6 29. Kf2 Nxc4 30. Bf5 Rxg3 31. Rxg3 Rxg3 32. Kxg3 Nxe3 33. Bxe4
d5 34. Bxh7 Kf6 35. Kf3 Nd1 36. Bc2 Nxc3 37. Ke3 Nxa2 38. Ba4 b5 39. Bb3 Nb4
40. Bd1 a5 41. Bg4 a4 42. Kd2 a3 43. Kc1 Nd3+ 44. Kb1 Nxf4 45. Bd7 Ne6 46. Bxc6
Nxd4 47. Bxd5 Ke5 48. Bf7 Kd6 49. Ka2 b4 50. Bb3 Ke5 51. Bf7 Ke4 52. Bg6+ Ke3
53. Bf7 Kd2 54. Bg6 Kc3 55. Bf7 Ne2 56. Kb1 Nf4 57. Ka2 Nd3 58. Kb1 Nb2 59. Ka2
Nc4 60. Be6 b3+ 61. Ka1 b2+ 62. Ka2 Kb4 63. Bf5 Ne3 64. Bb1 Nd1 65. Bf5 Nc3#
0-1

[Event "4NCL Online Division 5"]
[Site "online"]
[Date "2020.08.25"]
[Round "1.64"]
[White "Sheppard, Daniel C"]
[Black "Cepoi, Gesneria-Codruta"]
[Result "1-0"]
[WhiteElo "1832"]
[BlackElo "1375"]
[PlyCount "31"]
[EventDate "2020.08.25"]
[WhiteTeam "Manchester Manticores 2"]
[BlackTeam "Uxbridge Bombers B"]

1. d4 d5 2. Nc3 Nf6 3. Bf4 a6 4. e3 Nc6 5. Bd3 e6 6. Nf3 Bd6 7. Ne5 O-O 8. Qf3
h6 9. h4 Nb4 10. g4 Nxd3+ 11. cxd3 c6 12. g5 hxg5 13. hxg5 Nh7 14. Qh5 Re8 15.
Qxf7+ Kh8 16. Ng6# 1-0

[Event "4NCL Online Division 5"]
[Site "online"]
[Date "2020.08.25"]
[Round "1.71"]
[White "Shah, Ashok"]
[Black "Covey, Jason"]
[Result "0-1"]
[WhiteElo "1210"]
[BlackElo "1990"]
[PlyCount "56"]
[EventDate "2020.08.25"]
[WhiteTeam "Hatch End B"]
[BlackTeam "Barnet Knights A"]

1. e4 e6 2. Nf3 d5 3. e5 c5 4. d4 cxd4 5. Qxd4 Nc6 6. Bb5 Bd7 7. Bxc6 bxc6 8.
Bg5 Qa5+ 9. c3 c5 10. Qd1 Rb8 11. O-O Be7 12. Nbd2 h6 13. Bxe7 Nxe7 14. Nb3 Qc7
15. Rc1 O-O 16. Qe1 Bb5 17. c4 Bxc4 18. Nfd2 Bxf1 19. Nxc5 Qd8 20. Qxf1 Rxb2
21. Qd3 Ng6 22. Qa3 Rxd2 23. Nb7 Qb6 24. Nc5 Nxe5 25. h4 Nc4 26. Rc3 Nxa3 27.
Nd7 Qxf2+ 28. Kh2 Qxg2# 0-1

[Event "4NCL Online Division 5"]
[Site "online"]
[Date "2020.08.25"]
[Round "1.72"]
[White "Stoica, Savas Marin"]
[Black "Scales, Barry"]
[Result "1-0"]
[WhiteElo "2042"]
[BlackElo "1142"]
[PlyCount "53"]
[EventDate "2020.08.25"]
[WhiteTeam "Barnet Knights A"]
[BlackTeam "Hatch End B"]

1. e4 e5 2. Nf3 Nc6 3. Bb5 Qf6 4. Nc3 Nge7 5. O-O h6 6. Re1 a6 7. Bc4 d6 8. Nd5
Nxd5 9. exd5 Na5 10. Bf1 Be7 11. d4 Bg4 12. b4 Bxf3 13. Qxf3 Qxf3 14. gxf3 Bg5
15. bxa5 O-O-O 16. Bxg5 hxg5 17. dxe5 Rh6 18. exd6 Rhxd6 19. c4 f5 20. Re7 g6
21. Rae1 Kb8 22. Rg7 g4 23. fxg4 fxg4 24. Ree7 Kc8 25. Rxc7+ Kb8 26. Rxb7+ Kc8
27. Rgc7# 1-0

[Event "4NCL Online Division 5"]
[Site "online"]
[Date "2020.08.25"]
[Round "1.73"]
[White "Smyth, Peter"]
[Black "Rasalingam, Haran"]
[Result "0-1"]
[WhiteElo "1000"]
[BlackElo "2065"]
[PlyCount "48"]
[EventDate "2020.08.25"]
[WhiteTeam "Hatch End B"]
[BlackTeam "Barnet Knights A"]

1. e3 e5 2. Qf3 Nf6 3. Nh3 Nc6 4. b3 d5 5. Bb5 Bd6 6. Qg3 O-O 7. Bd3 e4 8. f4
exd3 9. cxd3 Bf5 10. O-O Bxd3 11. Qf2 Bxf1 12. Qxf1 d4 13. Ng5 h6 14. Nf3 Bc5
15. Na3 Qe7 16. Nc4 Nd5 17. Bb2 dxe3 18. dxe3 Nxe3 19. Qd3 Nxc4+ 20. Kf1 Nxb2
21. Qc2 Qf6 22. Qxc5 Nd3 23. Qc2 Qxa1+ 24. Ne1 Qxe1# 0-1

[Event "4NCL Online Division 5"]
[Site "online"]
[Date "2020.08.25"]
[Round "1.81"]
[White "Williams, Graham"]
[Black "Dilukshan, Manoharan"]
[Result "1/2-1/2"]
[WhiteElo "1450"]
[BlackElo "1480"]
[PlyCount "142"]
[EventDate "2020.08.25"]
[WhiteTeam "Broken Herts"]
[BlackTeam "Harrow 4"]

1. d4 Nf6 2. c4 g6 3. Nc3 Bg7 4. e3 d6 5. Nf3 O-O 6. Be2 Bg4 7. O-O Bxf3 8.
Bxf3 c6 9. Rb1 Nbd7 10. b4 Rb8 11. Bb2 Nb6 12. Be2 d5 13. cxd5 Nbxd5 14. Nxd5
Nxd5 15. a3 Qc7 16. Qd2 Rfe8 17. Rfc1 e5 18. b5 exd4 19. Bxd4 Bxd4 20. Qxd4 Nf4
21. Bf3 Ne6 22. Qc4 Qa5 23. Rc3 cxb5 24. Rxb5 Qd8 25. Rxb7 Rxb7 26. Bxb7 Qd1+
27. Qf1 Rd8 28. Rc8 Kg7 29. Rc1 Qb3 30. Bf3 Qxa3 31. Ra1 Qc5 32. Qa6 Ng5 33.
Be2 Rd2 34. h4 Ne4 35. Kf1 Nc3 36. Bc4 Qf5 37. f3 Ne4 38. Qb7 Ng3+ 39. Kg1 Qf6
40. Qxa7 Qxh4 41. Qxf7+ Kh6 42. Qf8+ Kh5 43. Qc5+ Nf5 44. e4 Rxg2+ 45. Kxg2
Qg3+ 46. Kf1 Qxf3+ 47. Ke1 Qxe4+ 48. Be2+ Kh6 49. Qc1+ Kg7 50. Ra7+ Kf6 51.
Ra6+ Kg7 52. Qc7+ Kh6 53. Qc1+ Kg7 54. Qc3+ Kh6 55. Qh3+ Kg7 56. Ra7+ Kf6 57.
Qc3+ Kg5 58. Rxh7 Qb1+ 59. Kf2 Qb6+ 60. Ke1 Qb1+ 61. Kd2 Qa2+ 62. Kd3 Qb1+ 63.
Qc2 Qb5+ 64. Kc3 Qc5+ 65. Kb2 Qb4+ 66. Kc1 Qa3+ 67. Kb1 Qb4+ 68. Ka2 Qa5+ 69.
Kb1 Qb4+ 70. Ka2 Qa5+ 71. Kb1 Qb4+ 1/2-1/2

[Event "4NCL Online Division 5"]
[Site "online"]
[Date "2020.08.25"]
[Round "1.82"]
[White "Nettleton, Robin"]
[Black "Huhn, Robert M"]
[Result "1/2-1/2"]
[WhiteElo "1335"]
[BlackElo "1442"]
[PlyCount "63"]
[EventDate "2020.08.25"]
[WhiteTeam "Harrow 4"]
[BlackTeam "Broken Herts"]

1. d4 d5 2. Bf4 c5 3. c3 cxd4 4. Qxd4 Nc6 5. Qa4 Bd7 6. Qc2 e5 7. Bg3 Bc5 8.
Nd2 Nh6 9. O-O-O O-O 10. Nb3 Bb6 11. Rxd5 Qe7 12. e3 Be6 13. Rd1 Rac8 14. Nf3
Nb4 15. Qb1 f6 16. Bd3 Nxd3+ 17. Rxd3 Bf5 18. Rhd1 Bxd3 19. Rxd3 Nf5 20. Nh4
Nxg3 21. hxg3 Rfd8 22. Nd2 Rxd3 23. Qxd3 Rd8 24. Qe2 Qe6 25. Kb1 Qd5 26. Nhf3
Qd3+ 27. Qxd3 Rxd3 28. Kc2 Rd8 29. Nc4 Bc7 30. Ncd2 Bb6 31. Nc4 Bc7 32. Ncd2
1/2-1/2

[Event "4NCL Online Division 5"]
[Site "online"]
[Date "2020.08.25"]
[Round "1.84"]
[White "Walker, David J R"]
[Black "Wrzesinski, Roman"]
[Result "1/2-1/2"]
[WhiteElo "1240"]
[BlackElo "1187"]
[PlyCount "89"]
[EventDate "2020.08.25"]
[WhiteTeam "Harrow 4"]
[BlackTeam "Broken Herts"]

1. d4 f5 2. c4 Nf6 3. Nc3 g6 4. Bg5 Bg7 5. e3 O-O 6. Bd3 d6 7. Nf3 Qe8 8. O-O
e5 9. e4 fxe4 10. Bxf6 Bxf6 11. Bxe4 exd4 12. Bd5+ Kh8 13. Re1 Qd8 14. Nxd4 c6
15. Be6 c5 16. Bxc8 cxd4 17. Bxb7 dxc3 18. bxc3 Bxc3 19. Bxa8 Qf6 20. Rf1 Bd4
21. Qe1 Nd7 22. Bd5 Nc5 23. Rd1 Be5 24. Qe2 Re8 25. Kh1 Na4 26. Qc2 Nb6 27. Qe2
Re7 28. Rde1 Nc8 29. Qe4 Bc3 30. Qg4 Bxe1 31. Qxc8+ Kg7 32. Qg4 Bxf2 33. Qd1
Qc3 34. g3 Re1 35. Rxe1 Bxe1 36. Qg4 Bf2 37. Qd7+ Kh6 38. Qg4 Qe1+ 39. Kg2 Qg1+
40. Kh3 Be3 41. Qh4+ Kg7 42. Qe7+ Kh6 43. Qh4+ Kg7 44. Qe7+ Kh6 45. Qh4+
1/2-1/2

[Event "4NCL Online Division 5"]
[Site "online"]
[Date "2020.08.25"]
[Round "1.91"]
[White "Manoj Kumar, Arth"]
[Black "Freund, Michael P"]
[Result "0-1"]
[WhiteElo "827"]
[BlackElo "1770"]
[PlyCount "110"]
[EventDate "2020.08.25"]
[WhiteTeam "Watford Juniors C"]
[BlackTeam "Sheffield Deaf"]

1. e4 e6 2. Nc3 d5 3. f3 d4 4. Bb5+ c6 5. Bxc6+ Nxc6 6. Nb5 e5 7. d3 Qa5+ 8.
Bd2 Qxb5 9. Rb1 Be6 10. c4 dxc3 11. Bxc3 Bb4 12. Ne2 Rd8 13. a3 Bxc3+ 14. Nxc3
Qxd3 15. Qxd3 Rxd3 16. Nb5 Nf6 17. Nc7+ Ke7 18. Ke2 Rhd8 19. Rhd1 Rxd1 20. Rxd1
Rxd1 21. Kxd1 Bc4 22. g4 Kd7 23. g5 Nxe4 24. fxe4 Kxc7 25. Kc2 Kd6 26. b3 Bf1
27. Kd1 Bg2 28. Kd2 Bxe4 29. Ke3 Kd5 30. Kf2 f6 31. gxf6 gxf6 32. Ke3 Bg6 33.
b4 f5 34. b5 Nd4 35. a4 Kc5 36. Kd3 Kb4 37. Ke3 Kxa4 38. b6 axb6 39. h4 Kb4 40.
h5 Bxh5 41. Kd3 Bg6 42. Ke3 h5 43. Kf2 Kc3 44. Kg3 Kd3 45. Kh4 Be8 46. Kh3 f4
47. Kg2 e4 48. Kf2 h4 49. Kg2 Bd7 50. Kf2 b5 51. Ke1 e3 52. Kd1 f3 53. Ke1 h3
54. Kf1 h2 55. Ke1 h1=Q# 0-1

[Event "4NCL Online Division 5"]
[Site "online"]
[Date "2020.08.25"]
[Round "1.92"]
[White "Gibson, Stephen"]
[Black "Sriram, Gautam"]
[Result "1-0"]
[WhiteElo "1502"]
[BlackElo "700"]
[PlyCount "91"]
[EventDate "2020.08.25"]
[WhiteTeam "Sheffield Deaf"]
[BlackTeam "Watford Juniors C"]

1. e4 e5 2. f4 exf4 3. Nf3 Nf6 4. Nc3 Bb4 5. d3 Bxc3+ 6. bxc3 O-O 7. Bxf4 Nc6
8. Be2 Nh5 9. Bg5 Qe8 10. O-O d6 11. Qd2 Qe6 12. Nd4 Nxd4 13. cxd4 Qg6 14. Rf2
h6 15. Bh4 Be6 16. d5 Bc8 17. Raf1 Re8 18. Rxf7 Bh3 19. R7f2 Rf8 20. Rxf8+ Rxf8
21. Rxf8+ Kxf8 22. Bxh5 Qxh5 23. Qf4+ Kg8 24. gxh3 g5 25. Qg4 Qxg4+ 26. hxg4
gxh4 27. Kg2 Kg7 28. Kh3 Kg6 29. Kxh4 h5 30. h3 hxg4 31. hxg4 c5 32. e5 dxe5
33. d6 Kf7 34. g5 e4 35. dxe4 c4 36. e5 Ke6 37. g6 Kxe5 38. d7 Kf6 39. d8=Q+
Kxg6 40. Qd5 c3 41. Kg4 a6 42. Qf5+ Kh6 43. Qg5+ Kh7 44. Kf5 b5 45. Kf6 b4 46.
Qg7# 1-0

[Event "4NCL Online Division 5"]
[Site "online"]
[Date "2020.08.25"]
[Round "1.93"]
[White "Balakrishnan, Akshata"]
[Black "Cooper, Howard"]
[Result "0-1"]
[WhiteElo "700"]
[BlackElo "1375"]
[PlyCount "88"]
[EventDate "2020.08.25"]
[WhiteTeam "Watford Juniors C"]
[BlackTeam "Sheffield Deaf"]

1. e4 e6 2. Nf3 Nc6 3. Nc3 a6 4. Ng5 Qxg5 5. Bc4 Bc5 6. O-O Ne5 7. Na4 Bd6 8.
f4 Qg4 9. h3 Qxd1 10. Rxd1 Nxc4 11. d3 Na5 12. Nc3 Ne7 13. Be3 O-O 14. Kh1 b6
15. e5 Bc5 16. d4 Bb4 17. Na4 Nd5 18. Bf2 Bb7 19. Be1 Nc6 20. Bxb4 Ncxb4 21. c3
Nc6 22. Nc5 bxc5 23. dxc5 Bc8 24. c4 Nxf4 25. g3 Ne2 26. Re1 Nxg3+ 27. Kg1 Nf5
28. h4 Nxh4 29. Kh1 Nf3 30. Rf1 Nfxe5 31. Rg1 Bb7 32. Rgb1 Nxc4 33. Rc1 N6e5+
34. Kg1 Bc6 35. b3 Na5 36. b4 Nac4 37. Rxc4 Nxc4 38. Kf1 f5 39. Ke1 f4 40. Kf1
Nd2+ 41. Ke1 Nf3+ 42. Kd1 Nd4 43. b5 axb5 44. Rb1 Rxa2 0-1

[Event "4NCL Online Division 5"]
[Site "online"]
[Date "2020.08.25"]
[Round "1.101"]
[White "Karthikeyan, Pranav"]
[Black "McLean, Ian"]
[Result "0-1"]
[WhiteElo "700"]
[BlackElo "2012"]
[PlyCount "87"]
[EventDate "2020.08.25"]
[WhiteTeam "BCC Foxes"]
[BlackTeam "Spirit of Atticus B"]

1. d4 Nf6 2. Bf4 g6 3. c4 Bg7 4. e3 O-O 5. Nd2 d6 6. Bd3 c5 7. Ngf3 Nc6 8. d5
Nb4 9. Be2 Nh5 10. a3 Nxf4 11. exf4 Na6 12. Qb3 e6 13. h4 Qf6 14. O-O-O Bd7 15.
h5 Ba4 16. Qa2 Bxd1 17. Bxd1 exd5 18. hxg6 fxg6 19. g3 dxc4 20. Qxc4+ Kh8 21.
Qc3 Qxc3+ 22. bxc3 d5 23. Ng5 h6 24. Bb3 c4 25. Nxc4 dxc4 26. Bxc4 Rac8 27.
Nf7+ Rxf7 28. Bxf7 Rxc3+ 29. Kd2 Rc6 30. Re1 Bc3+ 31. Kd1 Bxe1 32. Kxe1 Kg7 33.
Bd5 Rc3 34. Bxb7 Rxa3 35. Bxa6 Rxa6 36. Ke2 Ra3 37. Kf1 Kf6 38. Kg2 a5 39. Kh3
Rb3 40. Kg2 a4 41. Kh3 a3 42. Kg2 a2 43. Kh3 a1=Q 44. Kg2 0-1

[Event "4NCL Online Division 5"]
[Site "online"]
[Date "2020.08.25"]
[Round "1.102"]
[White "Hall, John"]
[Black "Tran, Le Gia Khuong"]
[Result "1-0"]
[WhiteElo "1979"]
[BlackElo "700"]
[PlyCount "57"]
[EventDate "2020.08.25"]
[WhiteTeam "Spirit of Atticus B"]
[BlackTeam "BCC Foxes"]

1. d4 d5 2. Nf3 Nc6 3. c4 dxc4 4. e3 Bf5 5. Bxc4 Nb4 6. Qa4+ Nc6 7. d5 Rb8 8.
dxc6 b5 9. Bxb5 Qd5 10. Be2 Rd8 11. Nc3 Qd6 12. O-O Qg6 13. Nh4 Qe6 14. Nxf5
Qxf5 15. e4 Qe6 16. Bc4 Qd6 17. Rd1 Qe5 18. Rxd8+ Kxd8 19. Qxa7 e6 20. Be3 Ne7
21. Rd1+ Ke8 22. Qb8+ Nc8 23. Qxc8+ Ke7 24. Qd7+ Kf6 25. Bd4 Qxd4 26. Qxd4+ Kg6
27. e5 Bb4 28. Bd3+ Kh6 29. Qh4# 1-0

[Event "4NCL Online Division 5"]
[Site "online"]
[Date "2020.08.25"]
[Round "1.103"]
[White "Panunzio, Jacopo"]
[Black "Bimpson, Tom"]
[Result "0-1"]
[WhiteElo "700"]
[BlackElo "1943"]
[PlyCount "60"]
[EventDate "2020.08.25"]
[WhiteTeam "BCC Foxes"]
[BlackTeam "Spirit of Atticus B"]

1. e4 c6 2. d4 d6 3. d5 Nd7 4. dxc6 bxc6 5. Bd3 h6 6. Nf3 g5 7. O-O Bg7 8. e5
Nxe5 9. Nxe5 Bxe5 10. Be4 Bd7 11. Nc3 Nf6 12. Bf3 Rc8 13. Ne4 Qc7 14. Nxf6+
Bxf6 15. Be3 Bxb2 16. Rb1 Be5 17. g3 Bh3 18. Bg2 Bxg2 19. Kxg2 c5 20. Qd5 e6
21. Qd3 Qc6+ 22. Kg1 Ke7 23. Rb3 c4 24. Rb7+ Qxb7 25. Qd2 d5 26. f4 gxf4 27.
gxf4 Rhg8+ 28. Kh1 d4+ 29. Rf3 Qxf3+ 30. Qg2 Qxg2# 0-1

[Event "4NCL Online Division 5"]
[Site "online"]
[Date "2020.08.25"]
[Round "1.104"]
[White "Robertson, David J"]
[Black "Wang, Mark"]
[Result "1-0"]
[WhiteElo "1930"]
[BlackElo "700"]
[PlyCount "69"]
[EventDate "2020.08.25"]
[WhiteTeam "Spirit of Atticus B"]
[BlackTeam "BCC Foxes"]

1. e4 e5 2. Nf3 Nc6 3. d4 exd4 4. Nxd4 Nxd4 5. Qxd4 Nf6 6. Bg5 Be7 7. Bc4 O-O
8. O-O c6 9. Nc3 Qc7 10. e5 Nd5 11. Nxd5 cxd5 12. Bxe7 Re8 13. Qxd5 Rxe7 14.
Rfe1 Re6 15. Qe4 Re8 16. Bd3 g6 17. Re3 d6 18. exd6 Rxe4 19. dxc7 Rxe3 20. fxe3
Bf5 21. Bxf5 gxf5 22. Rd1 Rc8 23. Rd8+ Rxd8 24. cxd8=Q+ Kg7 25. Qg5+ Kf8 26.
Qxf5 Ke7 27. Qxh7 Ke6 28. Qe4+ Kf6 29. Qxb7 Kg7 30. Qxa7 Kg6 31. c4 f5 32. c5
Kf6 33. c6 Ke5 34. c7 Ke4 35. Qd4# 1-0

[Event "4NCL Online Division 5"]
[Site "online"]
[Date "2020.08.25"]
[Round "1.111"]
[White "Moxley, Stephen"]
[Black "Wager, John D"]
[Result "1/2-1/2"]
[WhiteElo "1697"]
[BlackElo "2057"]
[PlyCount "94"]
[EventDate "2020.08.25"]
[WhiteTeam "Warley and Quinborne"]
[BlackTeam "Maidenhead 1"]

1. e4 c5 2. c3 Nf6 3. e5 Nd5 4. Bc4 Nb6 5. Bb3 c4 6. Bc2 Nc6 7. Nf3 g6 8. d4
cxd3 9. Bxd3 Bg7 10. Bf4 O-O 11. O-O Nd5 12. Bg3 Nc7 13. Nbd2 Ne6 14. Re1 a6
15. a4 b6 16. Nc4 Rb8 17. Na3 Qc7 18. Qe2 Ra8 19. Nc2 Bb7 20. Ncd4 Rfc8 21.
Nxe6 dxe6 22. Rad1 Rd8 23. Bc2 Rxd1 24. Rxd1 Rd8 25. Re1 Bh6 26. Qc4 Qd7 27.
Qh4 Kg7 28. Bf4 Bxf4 29. Qxf4 h6 30. h4 h5 31. Ng5 Rf8 32. Qg3 Qd5 33. f4 Nd8
34. Rd1 Qc5+ 35. Kh2 Bd5 36. b3 b5 37. axb5 axb5 38. Nxf7 Rxf7 39. Bxg6 Kf8 40.
Bxf7 Nxf7 41. b4 Qb6 42. f5 Nh6 43. f6 Ng4+ 44. Kh3 Nf2+ 45. Kh2 Ng4+ 46. Kh3
Nf2+ 47. Kh2 Ng4+ 1/2-1/2

[Event "4NCL Online Division 5"]
[Site "online"]
[Date "2020.08.25"]
[Round "1.112"]
[White "Milnes, Anthony C P"]
[Black "Lewis, John B"]
[Result "0-1"]
[WhiteElo "1960"]
[BlackElo "1487"]
[PlyCount "68"]
[EventDate "2020.08.25"]
[WhiteTeam "Maidenhead 1"]
[BlackTeam "Warley and Quinborne"]

1. f4 d5 2. Nf3 Bg4 3. e3 Nf6 4. h3 Bxf3 5. Qxf3 e6 6. g4 Bd6 7. d3 Nc6 8. Bd2
Qe7 9. Nc3 a6 10. O-O-O O-O-O 11. g5 Nd7 12. h4 h5 13. e4 d4 14. Ne2 Bb4 15.
Ng3 g6 16. e5 Ndxe5 17. fxe5 Nxe5 18. Qe4 Rd5 19. Bg2 Ng4 20. Rhf1 Bxd2+ 21.
Rxd2 Ne3 22. Rf6 Ng4 23. Rf4 c6 24. Ne2 e5 25. Rf2 Nxf2 26. Qf3 Ng4 27. Ng3 Ra5
28. Kb1 Ne3 29. Bh3+ Kb8 30. Ne4 Qc5 31. Qxf7 Qf8 32. Qxg6 Qg8 33. Qd6+ Ka7 34.
Nf6 Qxa2+ 0-1

[Event "4NCL Online Division 5"]
[Site "online"]
[Date "2020.08.25"]
[Round "1.113"]
[White "Berry, Steve"]
[Black "Janota, Paul S"]
[Result "0-1"]
[WhiteElo "1472"]
[BlackElo "1855"]
[PlyCount "42"]
[EventDate "2020.08.25"]
[WhiteTeam "Warley and Quinborne"]
[BlackTeam "Maidenhead 1"]

1. e4 e5 2. Nf3 f5 3. d3 d6 4. Nc3 Nf6 5. Qe2 Be7 6. d4 O-O 7. dxe5 dxe5 8.
Nxe5 fxe4 9. Qc4+ Kh8 10. Nf7+ Rxf7 11. Qxf7 Bg4 12. Be2 Nc6 13. Be3 Ne5 14.
Qb3 Qc8 15. O-O Nf3+ 16. Kh1 Bd6 17. g3 Bh5 18. Kg2 Qg4 19. Rh1 Nh4+ 20. Kg1
Qh3 21. Bf1 Nf3# 0-1

[Event "4NCL Online Division 5"]
[Site "online"]
[Date "2020.08.25"]
[Round "1.121"]
[White "Douse, Terry"]
[Black "Adatia, Amar"]
[Result "1/2-1/2"]
[WhiteElo "1510"]
[BlackElo "1375"]
[PlyCount "105"]
[EventDate "2020.08.25"]
[WhiteTeam "St Albans 3"]
[BlackTeam "Streatham C"]

1. c4 e5 2. Nc3 Nf6 3. e4 c5 4. Nf3 Nc6 5. d3 b6 6. Be2 Be7 7. O-O O-O 8. a3
Bb7 9. Bd2 Qc7 10. Nd5 Nxd5 11. cxd5 Nd4 12. Nxd4 exd4 13. Rc1 d6 14. b4 Rfe8
15. Bh5 Ba6 16. Qb3 Qd7 17. a4 f5 18. b5 Bb7 19. e5 g6 20. e6 Qd8 21. Be2 Bg5
22. f4 Bf6 23. Rf3 Re7 24. Rh3 Rc8 25. Bf3 Qf8 26. Qd1 a6 27. Qf1 Rcc7 28. g3
a5 29. Qg2 Qa8 30. Kf2 Qc8 31. g4 fxg4 32. Qxg4 c4 33. Be4 c3 34. Be1 Rg7 35.
Ke2 Rc5 36. Qf3 Qa8 37. Bh4 Bxh4 38. Rxh4 Bxd5 39. f5 Bxe4 40. dxe4 gxf5 41.
Qf2 Re5 42. Qxd4 Rxe4+ 43. Rxe4 Qxe4+ 44. Qxe4 fxe4 45. Ke3 Re7 46. Kxe4 Rxe6+
47. Kd5 Rg6 48. Rxc3 Rg4 49. Rc4 Rg2 50. h4 Rg6 51. Re4 Kf7 52. Rf4+ Ke7 53.
Kc6 1/2-1/2

[Event "4NCL Online Division 5"]
[Site "online"]
[Date "2020.08.25"]
[Round "1.122"]
[White "Yordanov, Denislav"]
[Black "Gemmell, Adam"]
[Result "1-0"]
[WhiteElo "1352"]
[BlackElo "1382"]
[PlyCount "139"]
[EventDate "2020.08.25"]
[WhiteTeam "Streatham C"]
[BlackTeam "St Albans 3"]

1. e4 e5 2. Nf3 Nc6 3. Bc4 Bc5 4. c3 Nf6 5. d3 d6 6. b4 Bb6 7. a4 a5 8. b5 Ne7
9. Bg5 Ng6 10. O-O Be6 11. Bxe6 fxe6 12. Qb3 Qe7 13. d4 exd4 14. cxd4 O-O 15.
Re1 Qf7 16. Nc3 h6 17. Be3 Ng4 18. h3 Nxe3 19. fxe3 e5 20. Qxf7+ Rxf7 21. dxe5
Nxe5 22. Nxe5 dxe5 23. Nd5 Bc5 24. Rac1 b6 25. Rf1 Raf8 26. Rxf7 Rxf7 27. Rf1
Kf8 28. Rxf7+ Kxf7 29. Kf2 Bd6 30. h4 Ke6 31. Kg3 Kd7 32. Kg4 g6 33. h5 gxh5+
34. Kxh5 Bf8 35. Nf6+ Kd6 36. Ng4 Kc5 37. Nxe5 Kb4 38. g4 Kxa4 39. Nd7 Be7 40.
g5 Bxg5 41. e5 Bxe3 42. Kg6 Kxb5 43. e6 Bg5 44. Nf6 a4 45. e7 c5 46. e8=Q+ Kb4
47. Qe1+ Kb3 48. Qb1+ Kc4 49. Qxb6 a3 50. Qb1 Kc3 51. Qa1+ Kb3 52. Qb1+ Kc3 53.
Ne4+ Kc4 54. Nxg5 hxg5 55. Kxg5 Kc3 56. Qc1+ Kb4 57. Qa1 Kb3 58. Kf4 c4 59. Ke3
a2 60. Kd2 Ka3 61. Kc3 Ka4 62. Qxa2+ Kb5 63. Qxc4+ Kb6 64. Kb4 Kb7 65. Qc5 Ka8
66. Qe7 Kb8 67. Qd7 Ka8 68. Kb5 Kb8 69. Kb6 Ka8 70. Qa7# 1-0

[Event "4NCL Online Division 5"]
[Site "online"]
[Date "2020.08.25"]
[Round "1.123"]
[White "Deland, Stephen"]
[Black "Buckman, Cyrus"]
[Result "0-1"]
[WhiteElo "1420"]
[BlackElo "1188"]
[PlyCount "92"]
[EventDate "2020.08.25"]
[WhiteTeam "St Albans 3"]
[BlackTeam "Streatham C"]

1. e4 d5 2. exd5 Nf6 3. d4 Nxd5 4. Nf3 Bf5 5. c4 Nf6 6. Nc3 e6 7. Be2 Bb4 8.
O-O O-O 9. Bg5 Nbd7 10. a3 Be7 11. Re1 h6 12. Bxf6 Nxf6 13. Ne5 Bd6 14. c5 Bxe5
15. dxe5 Qxd1 16. Raxd1 Ne4 17. Nxe4 Bxe4 18. Rd4 Bc6 19. f4 Rad8 20. Red1 Rxd4
21. Rxd4 Bd5 22. Kf2 Bc6 23. b4 a6 24. Bf3 Bxf3 25. Kxf3 f6 26. Ke4 f5+ 27. Ke3
Rf7 28. Rd8+ Rf8 29. Rd7 Rf7 30. Rd8+ Rf8 31. Rd7 Rf7 32. Rxf7 Kxf7 33. Kd4 g5
34. g3 Kg6 35. c6 b5 36. Kd3 gxf4 37. gxf4 Kh5 38. Ke3 Kg4 39. Kd3 Kxf4 40. Ke2
Ke4 41. Kf2 f4 42. h4 h5 43. Kg2 Kxe5 44. Kf3 Kf5 45. Kg2 e5 46. Kf2 e4 0-1